Statistiques concernant Les villes les plus peuplées d'amérique du sud

Cliquez ici pour prendre le quiz!

Statistiques générales

  • Ce quiz a été pris 56 fois
  • Le résultat moyen est 14 sur 20

Statistiques - réponses

rangpaysPopulationVilles% Correct
#3Brésil12 140 906Rio de janeiro
100%
#5Pérou10 685 466Lima
98%
#8Chili5 259 737Santiago
98%
#4Colombie10 763 453Bogota
96%
#2Argentine14 235 106Buenos Aires
96%
#6Vénézuela8 685 685Caracas
94%
#1Brésil20 853 705Sao-Paulo
94%
#14Brésil3 729 673Brasilia
92%
#18Paraguay2 994 806Asuncion
81%
#13Colombie3 729 970Medellin
73%
#7Brésil5 737 729Belo horizonte
65%
#9Brésil4 080 660Porto Alegre
60%
#17Colombie3 225 580Cali
58%
#12Brésil3 847 496Recife
58%
#10Équateur4 008 332Guayaquil
52%
#11Brésil3 908 556Salvador
52%
#20Brésil2 506 232Belém
48%
#16Brésil3 515 831Fortaleza
46%
#15Brésil3 575 633Curitiba
40%
#19Brésil2 607 055Campinas
13%

Distribution des résultats

Percentile par nombre de réponses

% des personnes avec chaque résultat

Votre développement - résultats

Vous n’avez pas pris ce quiz